Responses for show #6085 - Friday, February 11, 2011

IBM Challenge promo: "The Television Event of the Decade"

Contestants

Kate Rowland, a family doctor from Chicago, Illinois

Sarah Monteith, a television development assistant originally from Sugar Land, Texas

Paul Wampler, a web programmer from Knoxville, Tennessee (whose 4-day cash winnings total $72,002)

Jeopardy! Round responses

A YEAR ENDING IN 11
THEIR BETTER HALF
THE CITY'S OLDEST RESTAURANT
"WARE"-ING
EARHART
ON YOUR SLEEVE
    $200 4
1911

Sarah
    $200 16
Antonio Banderas

Sarah
    $200 1
Boston

Sarah
    $200 12
(Sarah: What is a [*] store?)

hardware

Sarah
    $200 10
the Atlantic Ocean

Sarah
    $200 22
tattoos

Paul
    $400 5
1811

Sarah
    $400 17
Annette Bening

Sarah
    $400 2
(Kate: What is Trenton?)

Atlantic City

Kate
Triple Stumper
    $400 13
silverware

Sarah
    $400 27
Lindy

Kate
    $400 23
spandex

Paul
    $600 7
1611

Kate
    $600 18
Harrison Ford

Kate
    $600 3
(Paul: What is Paris?)

New Orleans

PaulKate
    $600 14
spyware

Sarah
    $600 28
Kansas

Triple Stumper
    $600 24
epaulet

Sarah
    $800 8
(Kate: What is 1511?)

1711

Kate
Triple Stumper
    $800 19
Garth Brooks

Sarah
    $800 6
Moscow

Paul
    $800 15
let the buyer beware

Kate
    $800 29
Eleanor Roosevelt

Kate
    $800 25
the English Channel

Paul
    $1,000 9
1511

Kate
    $1000 20
Penélope Cruz

Sarah
    $1000 11
(Paul: What is Havana?)
(Kate: What is Key West?)

Madrid

PaulSarahKate
    $1000 21
the Delaware

Paul
    $1000 30
the Distinguished Flying Cross

Paul
    $1000 26
cards

Kate

Scores at the first commercial break (after clue 15):

Paul Sarah Kate
-$800 $3,200 $800

Scores at the end of the Jeopardy! Round:

Paul Sarah Kate
$2,600 $6,200 $3,600

Double Jeopardy! Round responses

LAST OF THE COMPOSERS
MARK MARKS THE SPOT
DOWN SOUTH IN SOUTH GEORGIA
WHAT'S THE NAME OF YOUR UNION?
WRITING FUNNY
ACT YOUR "AGE"
    $400 22
(Gioachino) Rossini

Triple Stumper
    $400 11
(Mark) Wahlberg

Paul
    $400 16
king penguins

Kate
    $400 17
(Alex: Union is [*].)

the Teamsters

Triple Stumper
    $400 1
Dave Barry

Sarah
    $400 6
a bandage

Kate
    $800 23
(Richard) Wagner

Paul
    $800 12
(Mark) McGrath

Sarah
    $800 24
Norway

Kate
    $800 18
the United Auto Workers

Kate
    $800 2
tall tales

Paul
    $800 7
(Sarah: What is steerage?)

tonnage

SarahKate
    $600 28
(Kate: Who is... Mozart?)

Handel

Kate
    $1200 13
The Hurt Locker

Paul
    $1200 25
(Alex: Those are [*]--big.)

elephant seals

Triple Stumper
    $1200 19
the National Education Association (NEA)

Triple Stumper
    $1200 3
(Paul: What is Mad?)

National Lampoon

Paul
Triple Stumper
    $1200 8
a barrage

Paul
    $1600 29
(Alex: And that composer was [*].)

Béla Bartók

Triple Stumper
    $1600 14
Devo

Sarah
    $1600 26
(Alex: It's a tough one. [*].)

toothfish

Triple Stumper
    $1600 20
the United Farm Workers

Kate
    $1600 4
(Alex: Married Laura West, so we're talking about [*].)

Nathanael West

Triple Stumper
    $1600 9
dressage

Kate
    $2000 30
Franz Joseph Haydn

Triple Stumper
    $2000 15
(Mark) Ruffalo

Paul
    $2000 27
Sir Ernest Shackleton

Triple Stumper
    $2000 21
(Paul: What is the NFL Players Union? National Football League Players Union?)

the NFL Players Association

PaulKate
    $2000 5
Sholom Aleichem

Triple Stumper
    $2,000 10
(Kate: What is voltage?)

the amperage

Kate

Scores at the end of the Double Jeopardy! Round:

Paul Sarah Kate
$5,800 $8,200 $9,400

[wagering suggestions for these scores]

Final Jeopardy! Round responses

1930s FILMS
PaulWhat is
$3,601
SarahWhat is Gone with the Wind
$8,200
KateWhat is the Wizard of Oz?
$7,001
The Wizard of Oz

Final scores:

Paul Sarah Kate
$2,199 $0 $16,401
2nd place: $2,000 3rd place: $1,000 New champion: $16,401

Game dynamics:

Coryat scores:

Paul Sarah Kate
$5,800 $8,200 $12,000
12 R,
4 W
16 R,
1 W
16 R
(including 1 DD),
5 W
(including 2 DDs)

Combined Coryat: $26,000

The J! Archive is created by fans, for fans. The Jeopardy! game show and all elements thereof, including but not limited to copyright and trademark thereto, are the property of Jeopardy Productions, Inc. and are protected under law. This website is not affiliated with, sponsored by, or operated by Jeopardy Productions, Inc. Join the discussion at JBoard.tv.